000 01518cam a22003374a 4500
001 15018484
003 OSt
005 20150408114019.0
008 070920s2008 ctu b 001 0 eng
010 _a 2007038901
020 _a9780275993740 (alk. paper)
035 _a(DNLM)101316951
040 _aDNLM/DLC
_cDLC
_dDLC
050 0 0 _aRB150.F37
_bB52 2008
060 1 0 _aWB 146
_bB575n 2008
082 0 0 _a616.0478
_222
100 1 _aBharadvaj, Daivati.
_911089
245 1 0 _aNatural treatments for chronic fatigue syndrome /
_cDaivati Bharadvaj.
260 _aWestport, Conn. :
_bPraeger,
_c2007.
300 _axiv, 195 p. ;
_c25 cm.
490 1 _aComplementary and alternative medicine,
_x1549-084X
504 _aIncludes bibliographical references (p. [149]-183) and index.
505 0 _aConcepts, controversies, and conventional medicine -- Etiologies -- Stress, adrenal fatigue, and cognitive disorder -- Standard diagnosis -- Alternative testing strategies -- Nature cures--alternative medicine modalities -- Mind-body-lifestyle -- Nutrients -- Botanical medicines.
650 0 _aChronic fatigue syndrome
_xAlternative treatment.
_911090
650 1 2 _aFatigue Syndrome, Chronic
_xtherapy.
_911091
650 2 2 _aNaturopathy.
_911092
830 0 _aComplementary and alternative medicine (Westport, Conn.)
_911088
856 4 1 _3Table of contents only
_uhttp://www.loc.gov/catdir/toc/ecip0727/2007038901.html
942 _2ddc
_cBOOK
999 _c21895
_d256395